00797nam a22001937a 450000500170000000800410001702000180005805000230007610000410009924000910014024501760023125000120040726000280041949000450044765000140049265000200050670000410052670000360056720190924161229.0190924b sp ||||| |||| 00| 0 spa d a978848164064904aB3305.M7bD47 20121 aDerrida, Jacques,d1930-2004,eautor10aSpectres de Marx. L'é de la dette, le travail du deuil et la nouvelle internationale10aEspectros de Marx el estado de la deuda, el trabajo del duelo y la nueva internacional c/ Jacques Derrida ; traducción de José Miguel Alarcón y Cristina de Peretti. a5a ed.  aMadrid :bTrotta,c20120 aEstructuras y procesos : aFilosofía  4aEspectros 7aFenomenología1 aAlarcón, José Miguel,etraductor1 aPertti, Cristina de,etraductor